Kognitívny štýl manažéra - rok 2003

Kognitívny štýl správania manažérov. Dva základné štýly: inovátor a adaptor. Charakteristika jednotlivých štýlov. Pracovná skupina s manažérom inovatívneho typu. Pracovná skupina s manažérom adaptívneho typu.

Saved in:
Bibliographic Details
Main Author: Adamková, Hana, 1969-
Format: Book Chapter
Language:Slovak
Subjects:
Tags: Add Tag
No Tags, Be the first to tag this record!

MARC

LEADER 00000naa$a2200000$$$4500
001 0017396
005 20240502071403.7
041 0 |a slo 
044 |a SK 
245 1 0 |a Kognitívny štýl manažéra - rok 2003  |c Hana Adamková 
520 |a Kognitívny štýl správania manažérov. Dva základné štýly: inovátor a adaptor. Charakteristika jednotlivých štýlov. Pracovná skupina s manažérom inovatívneho typu. Pracovná skupina s manažérom adaptívneho typu. 
610 2 0 |a manažéri 
610 2 0 |a správanie 
610 2 0 |a typológia 
610 2 0 |a riadenie 
610 2 0 |a skupiny pracovné 
100 1 |a Adamková, Hana, 1969-